| 000 | 00780nas a2200253 4500 | ||
|---|---|---|---|
| 001 | BR7302130 | ||
| 003 | BR-BrBNA | ||
| 005 | 20231205082418.0 | ||
| 007 | ta | ||
| 008 | 230509b bl.|||p| |||| 00| 00por d | ||
| 040 |
_aBR-BrBNA _bpor _cBiblioteca Nacional de Agricultura |
||
| 041 | _a(Pt) | ||
| 072 | _aH10 | ||
| 100 | 1 | _aOrlando, A. | |
| 100 | 1 | _aHussni, J. | |
| 100 | 1 | _aPuzzi, D. | |
| 245 | 1 | _aEnsaios sobre o emprego do Lindane (Isomero gama do BHC)na forma de "fumetas", contra as infestacoes do caruncho do cafe - Araecerus-fasciculatus De geer | |
| 650 | _aCAFE | ||
| 650 | _aCARUNCHO | ||
| 650 | _aINSETICIDA | ||
| 773 | 0 |
_tBiologico (Brazil) _x _g(May 1968), v. 34(5) p. 110-114 _wBR7302130 |
|
| 909 |
_a202311 _bLúcia _c55 _dLúcia Elande |
||
| 942 |
_2AGRIS _n0 _cANA |
||
| 999 |
_c91579 _d91579 |
||